000 00686nam a2200289Ia 4500
005 20260324130729.0
008 008 260324s9999 xx 000 0 eng d
020 _a9780203788257
037 _aEBOOK
040 _aCRL
040 _beng
040 _cCRL
041 _2eng
041 _aeng
084 _qCRL
100 _aDagmar Herzog
_91182887
245 0 _aIntimacy and Exclusion
245 0 _bReligious Politics in Pre-revolutionary Baden
260 _bTaylor and Francis
260 _c2007
365 _a
365 _b230
856 _uhttp://www.taylorfrancis.com/books/9780203788257
942 _cEBOOK
999 _c1779304
_d1779304